000 00298nam a22001217a 4500
008 230606b xxu||||| |||| 00| 0 eng d
082 _a346.06
_bEAC
100 _cEAST AFRICAN COMMUNITY
245 _aCustoms Post Clearance Audit Manual
260 _bEAC
_c2013
300 _a95 pages
942 _2ddc
_cBK
999 _c530
_d530